000 00442cam a2200193 4500
001 D971
008 090401t xxu||||| |||| 00| 0 eng d
035 _a(Sirsi) u49128
041 _aeng
050 _a346.410435
100 _aAnstey, Bryan
245 4 _aThe right to light
260 _aLondon
_bEstates Gazette
_cnd
300 _axii. 113p. ill. 22cm
350 _a0
700 _aChavasse, Michael
942 _n0
948 _c04/03/1997
999 _c92492
_d92492